TENWEK HOSP HOME | SOC  | ASK A LIBRARIANSTAFF LOGIN  |  DIGITAL REPOSITORYe-BOOK PORTAL  |  OFF-CAMPUS PORTAL  |  DONATE

Blood and honor / (Record no. 1121)

MARC details
000 -LEADER
fixed length control field 00899cam a2200289 i 4500
001 - CONTROL NUMBER
control field 3701013
003 - CONTROL NUMBER IDENTIFIER
control field Ke-BoTe
005 - DATE AND TIME OF LATEST TRANSACTION
control field 20220120094850.0
008 - FIXED-LENGTH DATA ELEMENTS--GENERAL INFORMATION
fixed length control field 800814s1980 ilu 000 0aeng
010 ## - LIBRARY OF CONGRESS CONTROL NUMBER
LC control number 79057520
020 ## - INTERNATIONAL STANDARD BOOK NUMBER
International Standard Book Number 0891911928 (pbk.) :
Terms of availability $3.95
040 ## - CATALOGING SOURCE
Original cataloging agency DLC
Transcribing agency DLC
Modifying agency DLC
043 ## - GEOGRAPHIC AREA CODE
Geographic area code e-gx---
050 00 - LIBRARY OF CONGRESS CALL NUMBER
Classification number DD253.5
Item number .K37 1980
082 00 - DEWEY DECIMAL CLASSIFICATION NUMBER
Classification number 943.086
Edition number 19
100 1# - MAIN ENTRY--PERSONAL NAME
Personal name Kerstan, Reinhold,
Dates associated with a name 1931-
9 (RLIN) 2078
245 10 - TITLE STATEMENT
Title Blood and honor /
Statement of responsibility, etc. Kerstan ; [cover design and ill. by Bill Worcester].
250 ## - EDITION STATEMENT
Edition statement 1st ed.
260 ## - PUBLICATION, DISTRIBUTION, ETC.
Place of publication, distribution, etc. Elgin, Ill. :
Name of publisher, distributor, etc. D. C. Cook Pub. Co.,
Date of publication, distribution, etc. c1980.
300 ## - PHYSICAL DESCRIPTION
Extent 192 p. ;
Dimensions 21 cm.
500 ## - GENERAL NOTE
General note Running title: Reinhold Kerstan story.
600 10 - SUBJECT ADDED ENTRY--PERSONAL NAME
Personal name Kerstan, Reinhold,
Dates associated with a name 1931-
9 (RLIN) 2078
610 20 - SUBJECT ADDED ENTRY--CORPORATE NAME
Corporate name or jurisdiction name as entry element Hitler-Jugend.
9 (RLIN) 2079
650 #0 - SUBJECT ADDED ENTRY--TOPICAL TERM
Topical term or geographic name entry element Baptists
Geographic subdivision United States
General subdivision Biography.
9 (RLIN) 2080
906 ## - LOCAL DATA ELEMENT F, LDF (RLIN)
a 7
b cbc
c orignew
d u
e ocip
f 19
g y-gencatlg
942 ## - ADDED ENTRY ELEMENTS (KOHA)
Source of classification or shelving scheme Library of Congress Classification
Koha item type Books
Suppress in OPAC No
Holdings
Withdrawn status Lost status Source of classification or shelving scheme Damaged status Not for loan Collection code Home library Current library Shelving location Date acquired Total Checkouts Full call number Barcode Date last seen Copy number Price effective from Koha item type
    Library of Congress Classification     Non-fiction SCHOOL OF CHAPLAINCY SCHOOL OF CHAPLAINCY General Stacks 20.01.2022   DD253.5.K37 1980 C.1 1301202022 20.01.2022 1 20.01.2022 Books
    Library of Congress Classification     Non-fiction SCHOOL OF CHAPLAINCY SCHOOL OF CHAPLAINCY General Stacks 20.01.2022   DD253.5.K37 1980 C.2 1401202022 20.01.2022 2 20.01.2022 Books